000
00297nam a22001337a 4500
008
170622b xxu||||| |||| 00| 0 eng d
020
_a
9780199548637
041
_a
eng
080
_2
3 ED
_a
32
100
_a
21
101
_a
SHP
245
_a
EUROPEAN UNION POLITICS
_c
CINI.M
942
_2
udc
_c
BK
999
_c
18650
_d
18650